| 000 | 00867cam a22001934a 4500 | ||
|---|---|---|---|
| 005 | 20250605164024.0 | ||
| 008 | 250528s ||||||||||||||||||||||||d | ||
| 035 | _a16445 | ||
| 020 | _a9065449787 | ||
| 040 |
_aGR-AtMCL _bgre _dGR-AtMCL _eAACR2 |
||
| 245 | 1 | _aBusiness Law in Europe / Legal, Tax and Labour Aspects of Business Operations in the EEC and Switzerland | |
| 260 |
_bKluwer Law International, _c1995 |
||
| 520 | _aPreface, Contents, Some Terms and Abbreeviations, European Company Law, Introduction, Harmonization, Facilitating Cross-Frntier Mobility of Companies, Supranational Law, European Tax Law, European Social Law, Belgium, Denmark, Ireland, The Netherlands, Federal Republic of Germany, France, Italy, Portugal. | ||
| 700 | 1 |
_aEllis Maarten J _92540 |
|
| 700 | 1 |
_aStorm Paul M _92541 |
|
| 942 | _cBK | ||
| 999 |
_c1945 _d1945 |
||